=LDR 00000nam 2200000 4500 =001 INLIS000000000040418 =005 20130612150002 =008 ***********************************ind** =035 ##$$0010-061300000040418 =041 ##$$a ind =082 ##$$a 813 =090 ##$$a 813, col f =100 ##$$a COELHA, Pauld =245 ##$$a The fifth mountain, gunung kelima, Paula coelha;Alih bahasa,tanti lesmana =260 ##$$a 2011 $b Jakarta =300 ##$$a 320 Hlm, 20 cm =650 ##$$a FIKSI =700 ##$$a LESMANA, Tanti =850 ##$$a NBPNMAT